Numerical linear algebra
Spremljeno u:
| Glavni autor: | |
|---|---|
| Daljnji autori: | |
| Format: | Nepoznato |
| Jezik: | engleski |
| Izdano: |
Philadelphia, USA:
Society for Industrial and Applied Mathematics,
1997
|
| Teme: | |
| Oznake: |
Dodaj oznaku
Bez oznaka, Budi prvi tko označuje ovaj zapis!
|
MARC
| LEADER | 00000 a2200000 4500 | ||
|---|---|---|---|
| 003 | CL-VaPUC | ||
| 005 | 20230714082810.0 | ||
| 008 | 220317b ||||| |||| 00| 0 eng d | ||
| 999 | |c 434932 |d 434930 | ||
| 020 | |a 978-0898713619 | ||
| 040 | |c Pontificia Universidad Católica de Valparaíso | ||
| 082 | 7 | |a 512.5 TRE 1997 |2 22 | |
| 100 | 1 | |a Trefethen, Lloyd N. |9 867336 |e author | |
| 245 | 1 | |a Numerical linear algebra | |
| 260 | |a Philadelphia, USA: |b Society for Industrial and Applied Mathematics, |c 1997 | ||
| 300 | |a 361 páginas | ||
| 583 | |c 20220318 | ||
| 650 | 0 | |a Álgebra lineal |9 260445 | |
| 650 | 0 | |a Cálculos numéricos |9 867758 | |
| 700 | |a Bau III, David |9 867352 | ||
| 942 | |2 ddc |c BK | ||
| 952 | |0 0 |1 0 |2 ddc |4 0 |6 512_500000000000000_TRE_1997 |7 0 |8 A |9 582138 |a BIBMAT |b BIBMAT |c GEN |d 2022-03-25 |e 1 |g 89667.00 |i 5650215 |l 1 |o 512.5 TRE 1997 |p 5650215 |r 2025-01-07 |s 2023-03-08 |t 2 |v 89667.00 |w 2022-03-25 |y BK |k MAT | ||
| 952 | |0 0 |1 0 |2 ddc |4 0 |6 512_500000000000000_TRE_1997 |7 0 |8 A |9 582139 |a BIBMAT |b BIBMAT |c GEN |d 2022-03-25 |e 1 |g 89667.00 |i 5650214 |l 1 |o 512.5 TRE 1997 |p 5650214 |q 2025-07-31 |r 2025-03-10 |s 2025-03-10 |t 1 |v 89667.00 |w 2022-03-25 |y BK |k MAT | ||